Popularne numery rap/trap tygodnia 15-21.01 Spotify. - Statystyki

Ogólne statystyki
  • Ten quiz został rozwiązany 17 razy
  • Średni wynik to 14 z 30
Statystyki odpowiedzi
Artysta Odsłuchania Utwór % Poprawnych
Guzior 776K BLUEBERRY
86%
Quebonafide, Daria Zawiałow 387K BUBBLETEA
79%
Guzior, Oskar83 680K FALA
79%
Żabson, Vladimir Cauchemar 667K OBOK
79%
Wiatr, Sobel, Be Vis 485K Testarossa
71%
Reto 399K Billy Kid
64%
Kabe 416K Nad ranem
64%
Bedoes, Lanek 545K Doda
57%
Bedoes, Lanek 555K Mbappe /
57%
Kizo, Trill Pem 427K Fitness
50%
Sobel 400K Kinol
50%
Bedoes, Lanek 631K Chrome Hearts /
43%
Chivas, White 2115 369K Mam Na Twarzy Krew I Tym Razem Nie Jest Sztuczna
43%
Bedoes, Lanek, Szpaku 595K Nawiedzony Dom /
43%
Bedoes, Lanek 750K NBP /
43%
Bedoes, Lanek, Blu 504K Rewolucja Romantyczna
43%
Bedoes, Lanek, Blu 647K Bukiet Białych Róż (SQUADSHIT #13) /
36%
Bedoes, Lanek 582K Tajemnice Atlantydy /
36%
Bedoes, Lanek 893K TOA$T /
36%
Bedoes, Lanek 494K City Boy
29%
Bedoes, Lanek 443K Frenezja Romantyczna
29%
Bedoes, Lanek, Flexxy 2115 520K Gretzkii /
29%
Bedoes, Lanek, Kuqe 2115, Eis 443K Moi Ludzie /
29%
Bedoes, Lanek 533K NIEWIEŚCIN BYDGOSZCZ
29%
Bedoes, Lanek 558K Tatuaże i Striptiz /
29%
Bedoes, Lanek 441K Vivienne Westwood
29%
Bedoes, Lanek, Białas 483K Wędrowiec Nad Morzem Mgły /
29%
PRO8L3M, Brodka 599K Żar
29%
Bedoes, Lanek 460K Marseille
21%
Bedoes, Lanek 513K Intro
14%
Nie znaleziono quizów pasujących do podanych kryteriów
Rozkład punktacji
Procent ludzi z każdym wynikiem
Percentyl według liczby udzielonych odpowiedzi
Twoja historia wyników
Nie rozwiązałeś tego quizu